Countries that Used to Have Colonies in the Caribbean - Statistics

General Stats
  • This quiz has been taken 171 times
    130 since last reset
  • The average score is 7 of 9
Answer Stats
Empire / Country / Kingdom % Correct
British Empire
100%
French Empire
98%
Spanish Empire
97%
Dutch Empire
93%
United States
93%
Swedish Empire
77%
German Empire
67%
Courland
33%
Order of the Hospitaller Knights
16%
No matching quizzes found
Score Distribution
Percent of People with Each Score
Percentile by Number Answered
Your Score History
You have not taken this quiz since the last reset